MARC details
| 000 -CABECERA |
| campo de control de longitud fija |
01050nam a2200277 a 4500 |
| 001 - NÚMERO DE CONTROL |
| campo de control |
000039969 |
| 003 - IDENTIFICADOR DEL NÚMERO DE CONTROL |
| campo de control |
OSt |
| 005 - FECHA Y HORA DE LA ÚLTIMA TRANSACCIÓN |
| campo de control |
20201211075423.0 |
| 008 - DATOS DE LONGITUD FIJA--INFORMACIÓN GENERAL |
| campo de control de longitud fija |
130801s2005 ck d 000 0 spa d |
| 020 ## - NÚMERO INTERNACIONAL ESTÁNDAR DEL LIBRO |
| Número Internacional Estándar del Libro |
9584100386 |
| 040 ## - FUENTE DE LA CATALOGACIÓN |
| Centro catalogador/agencia de origen |
DO-SdBNP |
| Lengua de catalogación |
spa |
| Centro/agencia transcriptor |
BNPHU |
| 082 #4 - NÚMERO DE LA CLASIFICACIÓN DECIMAL DEWEY |
| Número de clasificación |
658.4033 |
| Número de documento/Ítem |
B715a 2000 |
| Número de edición |
22 |
| 100 1# - ENTRADA PRINCIPAL--NOMBRE DE PERSONA |
| Nombre de persona |
Bonini, Charles P. |
| 9 (RLIN) |
66187 |
| 240 10 - TÍTULO UNIFORME |
| Título uniforme |
Quantative analysis for business decisions. |
| Lenguaje de la obra |
Español |
| 245 10 - MENCIÓN DE TÍTULO |
| Título |
Análisis cuantitativo para los negocios / |
| Mención de responsabilidad, etc. |
Charles P. Bonini, Warren H. Hausman, Harold Bierman Jr. ; versión en español Cecilia Ávila de Barón. |
| 250 ## - MENCIÓN DE EDICIÓN |
| Mención de edición |
9a ed. |
| 260 ## - PUBLICACIÓN, DISTRIBUCIÓN, ETC. |
| Lugar de publicación, distribución, etc. |
Bogotá : |
| Nombre del editor, distribuidor, etc. |
McGraw-Hill, |
| Fecha de publicación, distribución, etc. |
2005. |
| 300 ## - DESCRIPCIÓN FÍSICA |
| Extensión |
530 p. : |
| Otras características físicas |
il., diagrs.,grafcs., tablas ; |
| Dimensiones |
27 cm. |
| 650 #4 - PUNTO DE ACCESO ADICIONAL DE MATERIA--TÉRMINO DE MATERIA |
| Término de materia o nombre geográfico como elemento de entrada |
Toma de decisiones |
| Subdivisión general |
Modelos matemáticos |
| 9 (RLIN) |
77176 |
| 650 #4 - PUNTO DE ACCESO ADICIONAL DE MATERIA--TÉRMINO DE MATERIA |
| Término de materia o nombre geográfico como elemento de entrada |
Administración industral |
| Subdivisión general |
Modelos matemáticos |
| 9 (RLIN) |
77177 |
| 700 1# - PUNTO DE ACCESO ADICIONAL--NOMBRE DE PERSONA |
| Nombre de persona |
Hausman, Warren H. |
| 9 (RLIN) |
66188 |
| 700 1# - PUNTO DE ACCESO ADICIONAL--NOMBRE DE PERSONA |
| Nombre de persona |
Bierman Jr., Harold |
| 9 (RLIN) |
52526 |
| 700 1# - PUNTO DE ACCESO ADICIONAL--NOMBRE DE PERSONA |
| Nombre de persona |
Ávila de Barón, Cecilia, |
| Término indicativo de función/relación |
tr. |
| 9 (RLIN) |
66189 |
| 910 ## - DATOS DE OPCIÓN DEL USUARIO (OCLC) |
| Datos de opción del usuario |
Validado. Control de calidad MFF |
| 942 ## - ELEMENTOS DE PUNTO DE ACCESO ADICIONAL (KOHA) |
| Fuente del sistema de clasificación o colocación |
Dewey Decimal Classification |
| Tipo de ítem Koha |
Libro |